Central Library OPAC University of Rajshahi

كتاب البدء والتأريخ ;; Kitāb al-Badʼ wa-al-taʼrīkh / (Record no. 78796)

MARC details
000 -LEADER
fixed length control field 01385nam a2200337 a 4500
001 - CONTROL NUMBER
control field 78796
003 - CONTROL NUMBER IDENTIFIER
rucl marc code BD-RjUL
005 - DATE AND TIME OF LATEST TRANSACTION
control field 20211209083156.0
008 - FIXED-LENGTH DATA ELEMENTS--GENERAL INFORMATION
fixed length control field 211115m18991919ir b 000 0 ara d
035 ## - SYSTEM CONTROL NUMBER
System control number (CStRLIN)UWON02-B206
040 ## - CATALOGING SOURCE
Original cataloging agency NjP
Transcribing agency NjP
Modifying agency CtY
-- UkOxU
Language of cataloging eng
041 1# - LANGUAGE CODE
Language code of text/sound track or separate title ara
Language code of original ara
066 ## - CHARACTER SETS PRESENT
Alternate G0 or G1 character set (3
082 ## - DEWEY DECIMAL CLASSIFICATION NUMBER
Edition number 23
Classification number 909.8
Author mark and year MAK 1899-1919
100 1# - MAIN ENTRY--PERSONAL NAME
Personal name المقدسي ، مطهر بن طاهر = Al-Maqdisi, Mutahhar bin Tahir
Dates associated with a name ، 000 - 355
9 (RLIN) 250049
245 10 - TITLE STATEMENT
Title كتاب البدء والتأريخ ;; Kitāb al-Badʼ wa-al-taʼrīkh /
Statement of responsibility, etc. مطهر بن طاهر المقدسي ;; Mutahhar bin Tahir Al-Maqdisi,
246 15 - VARYING FORM OF TITLE
Title proper/short title Livre de la creation et de l'histoire
Title proper/short title Badʼ al-khalq wa-al-taʼrīkh
260 ## - PUBLICATION, DISTRIBUTION, ETC. (IMPRINT)
Place of publication, distribution, etc. Bagdad :
Name of publisher, distributor, etc. Mutahana library,
Date of publication, distribution, etc. 1899-1919.
300 ## - PHYSICAL DESCRIPTION
Pagination 6 v. ;
Size 23 cm.
500 ## - GENERAL NOTE
General note Volumes 3-6 correctly attributed to al-Muṭahhar ibn Ṭāhir al-Maqdisī.
504 ## - BIBLIOGRAPHY, ETC. NOTE
Bibliography, etc Includes bibliographical references.
505 ## - FORMATTED CONTENTS NOTE
Formatted contents note Vol-.1.--v.-2.--v-.4.--v-5.--v-.6.
600 ## - SUBJECT ADDED ENTRY--PERSONAL NAME
Personal name Maqdīsī, Muṭahhar ibn Tāhir, fl
Dates associated with a name . 966.
650 ## - SUBJECT ADDED ENTRY--TOPICAL TERM
Topical term or geographic name as entry element World history
Chronological subdivision Early works to 1800
9 (RLIN) 250051
700 1# - ADDED ENTRY--PERSONAL NAME
Personal name Huart, Clément,
Dates associated with a name 1854-1926.
Personal name Maqdisī, Muṭahhar ibn Ṭāhir,
Dates associated with a name active 10th century.
942 ## - ADDED ENTRY ELEMENTS (KOHA)
Source of classification or shelving scheme Dewey Decimal Classification
Koha item type Books
Holdings
Lost status Source of classification or shelving scheme Damaged status Not for loan Collection code Permanent Location Current Location Shelving location Date acquired Source of acquisition Cost, normal purchase price Total Checkouts Full call number Date last seen Copy number Koha item type
  Dewey Decimal Classification   Not For Loan Non-fiction Central Library, University of Rajshahi Central Library, University of Rajshahi Reading Room 17/09/1968 Zeitlinger 233.00   909.8 MAK V-1 1899 15/11/2021 C-1 Books
  Dewey Decimal Classification   Not For Loan Non-fiction Central Library, University of Rajshahi Central Library, University of Rajshahi Reading Room 17/09/1968 Zeitlinger 233.00   909.8 MAK V-2 1900 15/11/2021 C-1 Books
  Dewey Decimal Classification   Not For Loan Non-fiction Central Library, University of Rajshahi Central Library, University of Rajshahi Reading Room 17/09/1968 Zeitlinger 233.00   A 909.8 MAK V-4 1907 15/11/2021 C-1 Books
  Dewey Decimal Classification   Not For Loan Non-fiction Central Library, University of Rajshahi Central Library, University of Rajshahi Reading Room 17/09/1968 Zeitlinger 233.00   909.8 MAK V-5 1916 15/11/2021 C-1 Books
  Dewey Decimal Classification   Not For Loan Non-fiction Central Library, University of Rajshahi Central Library, University of Rajshahi Reading Room 17/09/1968 Zeitlinger 233.00   A 909.8 MAK V-6 1919 15/11/2021 C-1 Books
  Dewey Decimal Classification     Non-fiction Central Library, University of Rajshahi Central Library, University of Rajshahi Reading Room 17/09/1968 Zeitlinger 233.00   A 909.8 MAK V-3 1903 19/10/2022 C-1 Books
  Dewey Decimal Classification   Not For Loan Non-fiction Central Library, University of Rajshahi Central Library, University of Rajshahi Reading Room 17/09/1968 Zeitlinger     U 909.8 MAK 1965فهرس 24/10/2022 C-1 Books